LDR 00667naa#a2200193#i#450# 001 EN\\bibl\119326 005 20260418062343.6 011 ## _a2782-4586 100 ## _a20260331b2026####ek#y0engy0150####ca 102 ## _aRU 200 1# _aUsing artificial intelligence in accounting: assessing the transformational impact _eJournal article 210 1# _aMoscow _cITBO University _d2026 215 ## _a9 с. 608 ## _aJournal article _2local 675 ## _aЭкономические науки в целом. Политическая экономия. 330 _z 700 #1 _aVandina _gOlga G. 700 #1 _aObuhova _gNatal'ya Igorevna 700 #1 _aSnegireva _gNatalia Vadimovna 856 4# _ajomeam.ru _u